000 00850nam a2200229Ia 4500
001 8749
003 GE_BSU
008 181216s||||||||xx |||||||||||||| ||und||
040 _cGE_BSU
080 _a821.353.1–32
100 _aიორამაშვილი, ნანო
245 _aხვალიდან ყველაფერი მოგვარდება
245 _bმოთხრობები
245 _cრედ. სოლომონ დემურხანაშვილი, მხატ. ტიტე შეყილაძე
260 _aთბილისი
260 _bმერანი
260 _c1971
300 _a115გვ. 16სმ
653 _aმოთხრობები
653 _aხვალიდან ყველაფერი მოგვარდება
942 _cBK
999 _c42059
_d42059